000 00467nam a2200145 i 4500
001 182188
003 ES-MaACL
005 20230906221542.0
008 130624s1882 fr |||| | fre d
245 0 0 _aNotice sur les eaux minérales de Lamalou-le-Centre.
260 _aPau :
_b[s.n.],
_c1882 (
_fImprimerie administrative et commerciale A. Menetière,)
300 _a46 p. ;
_c20 cm.
650 4 _aAguas minerales-
_zFrancia.
_9135524
852 _aES-MaACL
_jT-470-F-5
999 _c182188
_d182188